banner-ar

الوكالة التجارية و عقود نقل التكنولوجيا : (Record no. 60391)

MARC details
000 -الفاتح
حقل البيانات ثابتة الطول 01021nam a22002537a 4500
005 - وقت وتاريخ اخر تعامل مع التسجيلة
رقم الضبط 20240530110408.0
008 - عناصر البيانات ثابتة الطول - معلومات عامة
حقل البيانات ثابتة الطول 150204s2011 ua g 000 0 ara d
017 ## - رقم الايداع القانونى
رقم الايداع القانونى 2010/13853
المصدر ( الهيئة المختصة) مصر . دار الكتب المصرية
020 ## - الرقم الدولى المعيارى للكتب
الرقم الدولى المعيارى للكتاب 9776223234
040 ## - مصدر الفهرسة
وكالة الفهرسة الأصلية EG-CaGPL
041 0# - رمز اللغة
رمز لغة النص/ المسارات الصوتية أو العنوان الانفرادي ara
082 04 - رقم تصنيف ديوى العشرى
رقم الطبعة 21
رقم التصنيف 346.029\
رقم المادة م و
100 0# - المدخل الرئيسى - إسم شخصى
الإسم الشخصى محمد خيرى
245 12 - بيان العنوان
العنوان الوكالة التجارية و عقود نقل التكنولوجيا :
بقية العنوان طبقا لقانون التجارة الجديد الوكالة بالعمولة - وكالة العقود /
بيان المسئوليه,etc محمد خيرى ، سمير الامين
250 ## - بيان الطبعة
بيان الطبعة ط1
300 ## - الوصف المادى
التعداد 230 ص ؛
أبعاد الوعاء 24 سم
650 04 - المدخل الاضافى بالموضوع-مصطلح موضوعى
مصطلح موضوعي التوكيلات التجارية
650 04 - المدخل الاضافى بالموضوع-مصطلح موضوعى
مصطلح موضوعي القانون التجارى
650 04 - المدخل الاضافى بالموضوع-مصطلح موضوعى
مصطلح موضوعي العقود التجارية
700 0# - المدخل الاضافى - اسم شخصى
الإسم الشخصى سمير الامين
الدور مؤلف مشارك
942 ## - عناصر المدخل الإضافي( كوها)
مصدر التصنيف او مخطط الترفيف Dewey Decimal Classification
Koha [default] item type كتاب
260 ## - PUBLICATION, DISTRIBUTION, ETC. (IMPRINT)
-- المركز القومى للاصدارات القانونية ،
-- 2011
Holdings
حالة التراجع حالة الفقد حالة تلف ليس للاعارة المكان المؤقت الموقع الحالى تاريخ الاكتساب اجمالي اﻻعارات رقم الطلب الباركود تاريخ اخر مشاهدة تاريخ تفعيل السعر نوع وعاء كوها
        مكتبة القاهرة الكبرى مكتبة القاهرة الكبرى 02/04/2015   346.029\ م و 159427 02/04/2015 02/04/2015 كتاب

Powered By

EGPV